Normal view MARC view

Entry Personal Name

Number of records used in: 1

001 - CONTROL NUMBER

  • control field: 9437

003 - CONTROL NUMBER IDENTIFIER

  • control field: DLC

005 - DATE AND TIME OF LATEST TRANSACTION

  • control field: 20230907125451.0

008 - FIXED-LENGTH DATA ELEMENTS

  • fixed length control field: 800609n| acannaabn |a aaa

010 ## - LIBRARY OF CONGRESS CONTROL NUMBER

  • LC control number: n 50028973

035 ## - SYSTEM CONTROL NUMBER

  • System control number: (OCoLC)oca00064349

040 ## - CATALOGING SOURCE

  • Original cataloging agency: DLC
  • Language of cataloging: eng
  • Transcribing agency: DLC
  • Modifying agency: DLC
  • Modifying agency: OCoLC

046 ## - SPECIAL CODED DATES

  • Birth date: 1933-05-02
  • Source of date scheme: edtf

100 1# - HEADING--PERSONAL NAME

  • Personal name: James, Louis,
  • Dates associated with a name: 1933-

370 ## - ASSOCIATED PLACE

  • Other associated place: Great Britain

372 ## - FIELD OF ACTIVITY

  • Field of activity: literature

373 ## - ASSOCIATED GROUP

  • Associated group: University of Kent at Canterbury, England

374 ## - OCCUPATION

  • Occupation: professor

377 ## - ASSOCIATED LANGUAGE

  • Language code: eng

400 1# - SEE FROM TRACING--PERSONAL NAME

  • Personal name: James, William Louis Gabriel,
  • Dates associated with a name: 1933-

670 ## - SOURCE DATA FOUND

  • Source citation: His Fiction for the working man, 1963.

670 ## - SOURCE DATA FOUND

  • Source citation: His Caribbean literature in English, 1999:
  • Information found: CIP t.p. (Louis James) ack. (Univ. of Kent at Canterbury, which has given generous study leave) data sheet (b. May 2, 1933)

670 ## - SOURCE DATA FOUND

  • Source citation: Email from pub., Dec. 13, 2007:
  • Information found: (full name: William Louis Gabriel James; Emeritus Professor of Victorian and Modern literature, Univ. of Kent at Canterbury, England)

Powered by Koha